000 00801nam a2200265Ia 4500
003 OSt
005 20220930081139.0
006 a|||||r|||| 00| 0
007 ta
008 220926b |||||||| |||| 00| 0 hin d
024 _a102505
037 _cTheses
040 _aCRL
_cCRL
_bhin
041 _2hin
_ahin
100 _aPuran Chand
_9540685
110 _aUniversity of Delhi. Faculty of Arts. Department of Hindi
245 0 _aNirgun sahityey ki alochana
_b aiteehasik aur samdamayik sandharbh
260 _c2008
300 _a354
_ap.
_ccm.
650 _aHINDI LITERATURE
_923866
700 _a Prof. Ajay Tiwari Gu.
_9538821
700 _aUniversity of Delhi. Faculty of Arts. Department of Hindi
942 _cDIS
_2CC
999 _c870997
_d870997